Prime Ministers of Turkey - Statistics

General Stats
  • This quiz has been taken 440 times
  • The average score is 25 of 38
Answer Stats
Hint Answer % Correct
2003-2014 Recep Tayyip Erdoğan
98%
1923-1924 İsmet İnönü
95%
1925-1937 İsmet İnönü
95%
1961-1965 İsmet İnönü
95%
1974 Bülent Ecevit
90%
1977 Bülent Ecevit
90%
1978-1979 Bülent Ecevit
90%
1999-2002 Bülent Ecevit
90%
2016-2018 Binali Yıldırım
87%
1993-1996 Tansu Çiller
87%
1950-1960 Adnan Menderes
86%
2014-2016 Ahmet Davutoğlu
86%
1965-1971 Süleyman Demirel
85%
1975-1977 Süleyman Demirel
85%
1977-1978 Süleyman Demirel
85%
1979-1980 Süleyman Demirel
85%
1991-1993 Süleyman Demirel
85%
1983-1989 Turgut Özal
84%
2002-2003 Abdullah Gül
83%
1996-1997 Necmettin Erbakan
79%
1937-1939 Celâl Bayar
74%
1991 Mesut Yılmaz
72%
1996 Mesut Yılmaz
72%
1997-1999 Mesut Yılmaz
72%
1942-1946 Şükrü Saraçoğlu
52%
1960-1961 Cemal Gürsel
51%
1946-1947 Recep Peker
35%
1924-1925 Fethi Okyar
33%
1971-1972 Nihat Erim
33%
1989-1991 Yıldırım Akbulut
32%
1980-1983 Bülend Ulusu
29%
1939-1942 Refik Saydam
29%
1947-1949 Hasan Saka
22%
1973-1974 Naim Talu
20%
1972-1973 Ferit Melen
19%
1949-1950 Şemsettin Günaltay
19%
1965 Suat Hayri Ürgüplü
19%
1974-1975 Sadi Irmak
17%
No matching quizzes found
Score Distribution
Percent of People with Each Score
Percentile by Number Answered
Your Score History
You have not taken this quiz